Computer graphics and applications /

محفوظ في:
التفاصيل البيبلوغرافية
المؤلف الرئيسي: Harris, Dennis
التنسيق: كتاب
منشور في: London ; New York : Chapman and Hall, 1984.
الموضوعات:
الوسوم: إضافة وسم
لا توجد وسوم, كن أول من يضع وسما على هذه التسجيلة!

MARC

LEADER 00000pam a2200000 a 4500
020 |a 0412250802  |c TZS 25,000 
020 |a 041225090X (pbk.) 
040 |a MUL  |b eng  |e AACR 
082 0 0 |a 001.6443 HAR 
100 1 |a Harris, Dennis, 
245 1 0 |a Computer graphics and applications /  |c Dennis Harris. 
260 |a London ;  |a New York :  |b Chapman and Hall,  |c 1984. 
300 |a ix, 174 p., [8] p. of plates :  |b ill. (some col.) ;  |c 25 cm. 
500 |a Includes index. 
504 |a Bibliography: p. [167]-171. 
650 0 |a Computer graphics. 
942 |c BK 
999 |c 6610  |d 6610